<?xml version="1.0" encoding="UTF-8"?>
<collection xmlns="http://www.loc.gov/MARC21/slim">
 <record>
  <leader>     na                 </leader>
  <controlfield tag="001">INLIS000000000000903</controlfield>
  <controlfield tag="005">20220613110944</controlfield>
  <datafield tag="035" ind1=" " ind2=" ">
   <subfield code="a">0010-0622000047</subfield>
  </datafield>
  <controlfield tag="007">ta</controlfield>
  <controlfield tag="008">220613                g          0 ind  </controlfield>
  <datafield tag="082" ind1=" " ind2=" ">
   <subfield code="a">297</subfield>
  </datafield>
  <datafield tag="084" ind1=" " ind2=" ">
   <subfield code="a">297 ZAR s</subfield>
  </datafield>
  <datafield tag="100" ind1="0" ind2=" ">
   <subfield code="a">Zarkasih, Ahmad</subfield>
  </datafield>
  <datafield tag="245" ind1="1" ind2=" ">
   <subfield code="a">Sepatu dari Kulit Babi /</subfield>
   <subfield code="c">Ahmad Zarkasih</subfield>
  </datafield>
  <datafield tag="260" ind1=" " ind2=" ">
   <subfield code="a">Jakarta :</subfield>
   <subfield code="b">Rumah Fiqih Publishing,</subfield>
   <subfield code="c">2019</subfield>
  </datafield>
  <datafield tag="300" ind1=" " ind2=" ">
   <subfield code="a">33 hlm. ;</subfield>
   <subfield code="c">20</subfield>
  </datafield>
  <datafield tag="600" ind1=" " ind2="4">
   <subfield code="a">Agama</subfield>
  </datafield>
 </record>
</collection>
